The National Institutes of Health : investing in research to prevent and cure disease : hearing before Subcommittee on Health of the Committee on Energy and Commerce, House of Representatives, One Hundred Seventh Congress, second session, June 6, 2002.

Bibliographic Details
Corporate Authors: United States. Congress. House. Committee on Energy and Commerce. Subcommittee on Health, ProQuest (Firm)
Format: Government Document eBook
Language:English
Published: Washington : U.S. G.P.O. : 2002.
Series:U.S. Congressional Hearings.
Subjects:
Online Access:Connect to the full text of this electronic book

MARC

Tag First Indicator Second Indicator Subfields
LEADER 00000cam a22000001a 4500
001 in00003265421
006 m d f
007 cr bn mmmapmmp
008 090922s2002 dcu o f000 0 eng d
005 20260511181332.8
035 |a cis2007473588 
040 |a UMI  |c UMI  |d UtOrBLW 
043 |a n-us--- 
074 |a 1019-A-01 
074 |a 1019-A-01 (online) 
074 |a 1019-B-01 (MF) 
074 |a 1019-B-01 (online) 
086 0 |a Y 4.C 73/8:107-122 
088 |a Serial no. 107-122 (United States. Congress. House. Committee on Energy and Commerce) 
099 |a HRG-2002-HEC-0042 
110 1 |a United States.  |b Congress.  |b House.  |b Committee on Energy and Commerce.  |b Subcommittee on Health. 
245 1 4 |a The National Institutes of Health :  |b investing in research to prevent and cure disease : hearing before Subcommittee on Health of the Committee on Energy and Commerce, House of Representatives, One Hundred Seventh Congress, second session, June 6, 2002. 
264 1 |a Washington :  |b U.S. G.P.O. :  |c 2002. 
264 2 |a Washington :  |b For sale by the Supt. of Docs., U.S. G.P.O., [Congressional Sales Office], 
300 |a 1 online resource. 
336 |a text  |b txt  |2 rdacontent 
337 |a computer  |b c  |2 rdamedia 
338 |a online resource  |b cr  |2 rdacarrier 
500 |a Record is based on bibliographic data in ProQuest Congressional Hearings Digital Collection. Reuse except for individual research requires license from ProQuest, LLC. 
530 |a Also available via Internet from the GPO Access web site. Addresses as of 11/27/02: http://frwebgate.access.gpo.gov/cgi -bin/getdoc.cgi?dbname=107 house hearings&docid=f:80676.wais (text version), http://frwebgate.access.gpo.gov/cgi-bin/getdoc.cgi?dbname=107 house hearings&docid=f:80676.pdf (PDF version); current access is available via PURLs. 
538 |a System requirements: PDF reader software. 
500 |a Electronic resource. 
610 2 0 |a National Institutes of Health (U.S.)  |x Appropriations and expenditures. 
650 0 |a Medicine  |x Research  |z United States. 
650 0 |a Medicine, Preventive  |x Research  |z United States. 
655 7 |a Electronic books.  |2 local 
710 2 |a ProQuest (Firm) 
776 0 8 |i Print version:  |a United States. Congress. House. Committee on Energy and Commerce. Subcommittee on Health.  |t National Institutes of Health  |w (DGPO)99105775 
776 0 8 |i Microfiche version:  |a United States. Congress. House. Committee on Energy and Commerce. Subcommittee on Health.  |t National Institutes of Health.  |d [Bethesda, Md.] : ProQuest,[2004]  |o CIS 2002 H361-67  |w (ProQuest)cis00200393 
830 0 |a U.S. Congressional Hearings. 
856 4 0 |u http://proxy.library.tamu.edu/login?url=https://congressional.proquest.com/congcomp/getdoc?HEARING-ID=HRG-2002-HEC-0042  |z Connect to the full text of this electronic book  |t 0 
998 |a cis00200393 
999 |a MARS 
999 f f |s 94e01620-eb7c-3fe8-a5a6-862f3224d616  |i 56b8a9a9-147b-34c3-82ef-885f7e6696aa  |t 0 
952 f f |a Texas A&M University  |b College Station  |c Electronic Resources  |s www_evans  |d Available Online  |t 0  |e HRG-2002-HEC-0042  |h Other scheme 
998 f f |a HRG-2002-HEC-0042  |t 0  |l Available Online